Science Quiz

Random Science or Chemistry Quiz

Phase Changes of Matter Quiz Stats

 Plays Quiz Updated Oct 27, 2013

Support Sporcle.
Go Orange.
Score 0/8 Timer 02:00
0 Plays Today
Phases in the Transition Name of Phase Change % Correct
Solid to LiquidMelting or fusion
96.1%
Liquid to GasVaporization, evaporation or boiling
92.3%
Liquid to solidFreezing
86.3%
Gas to liquidCondensation
85.2%
Solid to GasSublimation
58.8%
Gas to SolidDeposition or desublimation
27.3%
Gas to PlasmaIonization
21.5%
Plasma to GasRecombination or deionization
17.8%

You're not logged in!

Compare scores with friends on all Sporcle quizzes.
OR
Log In
Forgot?

From the Vault

1-10 Letter C Words

by sproutcm

These words are charming.
Remove Ads.
Support Sporcle.
Get the best of Sporcle when you Go Orange. This ad-free experience offers more features, more stats, and more fun while also helping to support Sporcle. Thank you for becoming a member.

Show Comments

Extras

Top Quizzes Today


Score Distribution

Your Account Isn't Verified!

In order to create a playlist on Sporcle, you need to verify the email address you used during registration. Go to your Sporcle Settings to finish the process.

Report this User

Report this user for behavior that violates our Community Guidelines.

Details: